Регионална библиотека "Любен Каравелов" - Русе

ДНК (Запис номер 348892)

MARC детайли
000 -Лидер
Контролно поле с фиксирана дължина 01158nam a2200313 a 4500
003 - Код на организацията, давaща контролен номер
Контролно поле BLK
005 - Дата и час на последна редакция
Контролно поле 20250722125137.0
008 - Елементи от данни с фиксирана дължина
fixed length control field 200305b bu ||||| |||| 00| 0 bu d
020 ## - Международен стандартен номер на книга ISBN
Международен стандартен номер на книга ISBN 9789543574346
040 ## - Източник на каталожния запис
Идентификатор на билиотеката - собственик на записа BLK
041 ## - Код за език
Код за езика на текст/звукозапис или на отделно заглавие Български
Код за езика КДБФ Български
080 ## - УДК
Текстов определител УДК Исландска литература
УДК код - определител по УДК 821.113.3
УДК - код + определител 821.113.3-31
100 ## - Редна дума - Автор
Автор Сигурдардотир, Ирса
Авторска отговорност първи автор
R(LIN) 1299
139 ## - Редно поле
Редна дума Сигурдардотир, Ирса
Авторски знак Си - С 35
240 ## - Унифицирано заглавие
Унифицирано заглавие DNA
245 ## - Сведения за заглавието
Заглавие ДНК
Редно поле (дума) Ирса Сигурдардотир ; прев. от исл. Айгир Сверисон.
260 ## - Област на издателските данни
9 (RLIN) 210050
Място на издаване, разпространение и проч. София
Име на издателя, разпространителя и проч. ЕМАС
Година на издаване 2019
Печатница Хасково: Полиграфюг
Издателство - префикс ISBN 978-954-357- ; 954-8793-
300 ## - Физическа характеристика
Страници 495 с.
Размери/Мащаб 21 см
380 ## - Жанр
Жанр Худож. лит.
490 ## - СЕРИИ (Колекции)
9 (RLIN) 203614
Име на серия Криминале
501 ## - Забележка „подвързано към”
Забележка: Подвързано към... Ориг. загл.: DNA / Yrsa Sigurđardóttir.
700 ## - Други автори (авторска отговорност)
9 (RLIN) 382806
Лично име Сверисон, Айгир
Автороска отговорност (Описва отношението между автора и произведението) прев. от исл.
852 ## - Местоположение
Форматна сигнатура Цб
Фондова буква Хранилище
852 ## - Местоположение
Форматна сигнатура 821-31/С 35 И
Фондова буква Заемна - подръчен фонд
942 ## - АРТИКУЛИ
Вид на библиотечния материал Книги
Скрит в OPAC Не
Периодичен библиозапис Да
Koha issues (borrowed), all copies 59
944 ## - СЪЗДАВАНЕ И РЕДАКЦИЯ на ЗАПИСА
Създаване/Редакция Създаване
Дата на регистрацията/редакция 2020-03-05
Статус, дата на статуса Цветомила Тодорова
Служител, извършил регистрацията/редакцията 30576
944 ## - СЪЗДАВАНЕ И РЕДАКЦИЯ на ЗАПИСА
Създаване/Редакция Редакция
Статус, дата на статуса 2024-06-26
Служител, извършил регистрацията/редакцията М.Я.
999 ## - СИСТЕМНИ КОНТРОЛНИ НОМЕРА
Koha biblionumber 348892
Koha biblioitemnumber 348892
999 ## - СИСТЕМНИ КОНТРОЛНИ НОМЕРА
Koha biblioitemnumber 348892
Наличности
Код за отписване Код за изгубен артикул Източник на класификационната схема Код за повреда Код за отдаване Артикулен № Име на библиотеката - собственик Име на библиотеката, в която се намира в момента Статус (Текущо местоположение) Дата на вписване в системата Местоположение - отдел Цена в лева Систематично азбучна сигнатура Баркод Цена в евро Служебен тип на артикула Коз за рестрикции Инвентарен номер
  Не е изгубен Universal Decimal Classification Не е повреден заемане за дома 756269 Регионална библиотека "Любен Каравелов" Русе Регионална библиотека "Любен Каравелов" Русе Заемна - подръчен фонд 2020-03-10 Заемна - подръчен фонд 15.20 821/С 35 И 120000843103 7.77 Книги    
  Не е изгубен Universal Decimal Classification Не е повреден заемане за дома 756270 Регионална библиотека "Любен Каравелов" Русе Регионална библиотека "Любен Каравелов" Русе Заемна - подръчен фонд 2020-03-10 Заемна - подръчен фонд 15.20 821/С 35 И 120000843102 7.77 Книги    
  Не е изгубен Universal Decimal Classification Не е повреден ползва се в читалня 872056 Регионална библиотека "Любен Каравелов" Русе Регионална библиотека "Любен Каравелов" Русе Хранилище 2022-02-15 Хранилище 25.00 Цб 311191 120000865865 12.78 Книги само за читалня  
  Не е изгубен Universal Decimal Classification Не е повреден заемане за дома 945734 Регионална библиотека "Любен Каравелов" Русе Регионална библиотека "Любен Каравелов" Русе Дубликат 2024-07-09 Заемна - подръчен фонд 19.00 821-31/С 35 И 120000910876 9.71 Книги   120000910876
Vip Innovations Ltd, Rousse, Bulgaria 2025